Money, money, money (Record no. 77352)

MARC details
000 -LEADER
fixed length control field 00987cab a2200193 4500
001 - CONTROL NUMBER
control field ##L134069
008 - FIXED-LENGTH DATA ELEMENTS--GENERAL INFORMATION
fixed length control field 060706n2006 000 0 eng u
035 ## - SYSTEM CONTROL NUMBER
System control number (Sirsi) u134069
041 0# - LANGUAGE CODE
Language code of text/sound track or separate title eng
100 1# - MAIN ENTRY--PERSONAL NAME
Personal name Russell, Jonathan
245 00 - TITLE STATEMENT
Title Money, money, money
260 ## - PUBLICATION, DISTRIBUTION, ETC.
Date of publication, distribution, etc. 2006
490 #0 - SERIES STATEMENT
Series statement Estates Gazette
Volume/sequential designation (0626) 1 July 2006, 63-66(4)
520 ## - SUMMARY, ETC.
Summary, etc. Reports the findings of DTZ's "Money into property 2006" report, the 31st edition and the first to offer a global analysis. The flow of money into UK property trebled in 2005. There has also been a change in where it is coming from, with private equity, especially large retail funds, pushing into the market. The UK will remain the principle European real estate market for the foreseeable future, particularly with the introduction of a UK REIT in 2007. Graphs.
590 ## - LOCAL NOTE (RLIN)
Local note IKA180706
650 24 - SUBJECT ADDED ENTRY--TOPICAL TERM
Topical term or geographic name entry element DTZ MONEY INTO PROPERTY
690 ## - LOCAL SUBJECT ADDED ENTRY--TOPICAL TERM (OCLC, RLIN)
Topical term or geographic name as entry element PROPERTY-COMMERCIAL PROPERTY-COMMERCIAL PROPERTY FINANCE AND INVESTMENT
942 ## - ADDED ENTRY ELEMENTS (KOHA)
Suppress in OPAC 0
Holdings
Withdrawn status Lost status Source of classification or shelving scheme Damaged status Not for loan Home library Current library Shelving location Date acquired Total Checkouts Full call number Barcode Date last seen Copy number Price effective from Koha item type
    Dewey Decimal Classification     London London Journal article 06/07/2006   L134069 134069-1001 06/08/2019 1 06/08/2019 Journal article